000 01034nam a22003257a 4500
001 000061069
003 CHAP
005 20220329140931.0
008 971013s1951 r 00010 d
010 _a60000
011 _a60972
035 _a65136
040 _cCHAP
082 _a972.5083
_bM4 1951-52
110 _aMéxico (Edo.) Gobernador,
_d1951-1957. (Sánchez Colín)
_976843
245 0 _aPrimer informe, 1951-52.
260 _aToluca, Méx. :
_b[Gobierno del Estado de México],
_c1951-52.
300 _a113 p.
590 _aBATCH-UPD
_b10
_c20130110
_lUCH01
_h1148
590 _aBATCH-UPD
_b10
_c20130410
_lUCH01
_h0733
590 _aBATCH-UPD
_b10
_c20130914
_lUCH01
_h1826
590 _aCONVERSION
_b10
_c20130109
_lUCH01
_h1332
590 _aE11695DGD
_b10
_c20150602
_lUCH01
_h1403
650 1 4 _aMéxico (Edo.)
_xPolítica y gobierno.
_976837
700 0 _aSánchez Colín, Salvador.
_9107431
901 _aBK
942 _cLIBRO
942 _n0
949 _a972.5083 M4 1951-52
_bBC
_cBPA
_d-144265
_eBPA
_h25875
_i65136
_si
999 _c60000
_d60000